=LDR 00000nam 2200000 4500 =001 INLIS000000000013463 =005 20200302100524 =035 ##$$a 0010-061300000013463 =008 200302################g##########0#ind## =041 ##$$a Ind =090 ##$$a 173, Nal s =100 ##$$a Nalendra =245 1#$$a Seratus rahasia yang membuat perkawinan bahagia /$c Nalendra =260 ##$$a Jakarta :$b Progres,$c 2003 =300 ##$$a x,229 hlm. ; $c 13,5x20 cm. =650 #4$$a Perkawinan =850 ##$$a NBPNMAT =082 ##$$a 173 =084 ##$$a 173 NAL s =990 ##$$a 20404300 =990 ##$$a 20404297